• 首页
  • 本馆介绍
  • 公告通知
  • 最新文献
  • 馆藏检索
  • 电子资源
  • 读者导购
  • 参考咨询
  • 我的图书馆
  • 登录
  • 详细信息显示
  • 放入我的书架
  • 预约/预借图书
  • 作者相关作品
  • 分类相关作品
  • 丛书相关作品
  • 出版社相关作品

书目信息

  • 表格格式
  • 工作单格式
  • 卡片格式
题名:
李清照词赏析
    
 
作者: 李汉超 主编 ;韦建平 执笔
分册:  
出版信息: 北京   中国妇女出版社  1988.11
页数: 198页
开本: 19厘米
丛书名:
单 册:
中图分类: I222.844 , I207.23
科图分类: 44.37241
主题词: 宋词-李清照--鉴赏 , 文学--中国
电子资源:
ISBN: 7-80016-047-5
000 00872nam0 2200301 45
001 0189002558
005 20040418080436.6
010    @a7-80016-047-5@dCNY2.10
020    @aCN@b89002558
100    @a19900816d1988 m y0chiy0120 ea
101 0  @achi
102    @aCN@b110000
105    @ay z 000gy
106    @ar
200 10 @a李清照词赏析@Ali qing zhao ci shang xi@f李汉超主编@Fli han chao zhu bian@g韦建平等执笔
210    @a北京@c中国妇女出版社@d1988.11
215    @a198页@d19厘米
540 1  @a李清照 词赏析@Ali qing zhao ci shang xi
600  0 @a李清照-宋词@x鉴赏
606    @a宋词-李清照@x鉴赏
606 0  @a文学@x中国
690    @aI222.844@v1980
690    @aI207.23
692    @a44.37241@v1974
701  0 @a李汉超@Ali han chao@4主编
702  0 @a韦建平@Awei jian ping@4执笔
801  0 @aCN@bNLC@c19900816
905    @f1@b217218@dI207.23@e329
    
    李清照词赏析/李汉超主编/韦建平等执笔.-北京:中国妇女出版社,1988.11
    198页;19厘米
    
    
    ISBN 7-80016-047-5:CNY2.10
    
●
相关链接 在E读中查询图书 在五车中查询图书 在当当中查询图书 在豆瓣中查询图书


正题名:李清照词赏析     索取号:I207.23/329         预约/预借

序号 登录号 条形码 馆藏地/架位号 状态 备注
1 0217218   000784574   第二借阅区/ [索取号:I207.23/329] 在馆    
2 0217220   000541676   第一样本阅览室/ [索取号:I207.23/329] 在馆    
唐山师范学院图书馆 欢迎您!
大连网信软件有限公司© 版权所有